| 000 | 00843nam a2200229Ii 4500 | ||
|---|---|---|---|
| 003 | JO-AjNU | ||
| 008 | 230605s9999||||xx |||||||||||||| ||und|| | ||
| 017 | _a2004/5917 | ||
| 020 | _a9959-818-38-1 | ||
| 040 |
_aJO-AjNU _bara _erda _cJO-AjNU |
||
| 041 | _aara | ||
| 050 | 1 | 4 | _aQ175.S52412 2004 |
| 100 | 3 |
_a شابير، ددلي محرر ؛ ترجمة احمد الحصادي , _eauthor _98231 |
|
| 245 | 0 | 0 | _aإشكاليات فلسفية في العلم الطبيعي=PHILOSOPHICAL PROBLEMS OF NATURAL SCIENCE، ج1+2 |
| 250 | _aط1 | ||
| 264 | 3 | 1 | _aليبا:دار الكتب الوطنية ،2004 |
| 300 | _a264ص، ج1من صفحة 81-173,ج2من صفحة189-245 | ||
| 336 |
_atext _btxt _2rdacontent |
||
| 337 |
_aunmediated _bn _2rdamedia |
||
| 338 |
_avolume _bnc _2rdacarrier |
||
| 650 | 4 |
_aالفيزياء - فلسفة _98232 |
|
| 999 |
_aA683 _c4251 _d4251 |
||